01016nam a2200253 i 4500003000900000005001700009007000300026008004100029040003000070082001300100100005300113245005700166264007700223300002800300336002700328337003400355338002800389500006200417590002700479910001400506942001300520952021200533999001700745DO-SdBNP20240906144548.0ta240906s2005 dr 000 j spa d aDO-SdBNPbspacBNPHUerda bM3752221 aMarte Pérez, Delio Anibal911765d1952-eautor13aLa historia de Camú /cDelio Anibal Marte Pérez  1aPuerto Plata, República Dominicana :b[editor no identificado],c2005. a23 páginas, c21 cm. atextobtxt2rdacontent asin mediación bn2rdamedia avolumenbnc2rdacarrier aIncluye datos biográficos del autor en la página 23.  aInventariado, 2024/ YL aYLockward 2ddccLF2 00102ddc51708PDaBNPHUbBNPHUcCTd2023-03-01eDonado por Emilio Cordero Michell0oBNPHU F-PD M375p2024-5256r2024-09-06w2024-09-06yLF2zPerteneció a la biblioteca personal de Emilio Cordero Michel c57647d57647